00566nam a22001457a 4500003000900000008004100009040007100050082001800121100002100139245004600160260004200206300002800248505012800276650001600404AR-CdUCM190320b ||||| |||| 00| 0 spa d aMUNICIPALIDAD PROVINCIAL DEL CUSCOcBIBLIOTECA MUNICIPAL DEL CUSCO a514.07 /bS47 aShively, Levi S. aIntroducción a la geometría moderna / aMéxico, D. F :bContinental,c1961. a172 páginas ;c23 cm. aSegmentos de lineas dirigidos -- Semejanza -- Teoremas de ceva y menelao -- Puntos y lineas armónicos -- El triangulo ... aGeometría